| 000 | 00495nam a22001817a 4500 | ||
|---|---|---|---|
| 003 | CEME | ||
| 005 | 20210628204200.0 | ||
| 008 | 210113b xxu||||| |||| 00| 0 eng d | ||
| 020 | _a8181285697 | ||
| 040 | _cceme | ||
| 082 | _a621.3845 LIN | ||
| 100 |
_aLing, Rich , Pedersen, Per E _969162 |
||
| 245 | _aMobile communications , re-negotiation of the social sphere | ||
| 260 |
_aDELHI _bSPRINGER _c2005 |
||
| 300 | _aXXV, 454P | ||
| 650 |
_aMOBILE COMMUNICATIONS. _969163 |
||
| 942 |
_cBK _2ddc |
||
| 999 |
_c576547 _d576547 |
||